National policy on education, 1986: programme of action (Record no. 487396)

000 -LEADER
fixed length control field 00420cam a22001217a 4500
008 - FIXED-LENGTH DATA ELEMENTS--GENERAL INFORMATION
fixed length control field 180718b1986 xxu||||| |||| 00| 0 eng d
082 ## - DEWEY DECIMAL CLASSIFICATION NUMBER
Classification number P000x54 P/A/1986
100 ## - MAIN ENTRY--PERSONAL NAME
Personal name India. Ministry of Human Resource Development. Department of Education
245 ## - TITLE STATEMENT
Title National policy on education, 1986: programme of action
260 ## - PUBLICATION, DISTRIBUTION, ETC.
Place of publication, distribution, etc. New Delhi
Name of publisher, distributor, etc. The author
Date of publication, distribution, etc. 1986
300 ## - PHYSICAL DESCRIPTION
Extent 200p.
650 ## - SUBJECT ADDED ENTRY--TOPICAL TERM
Topical term or geographic name entry element Education and state - Policy - India
Holdings
Withdrawn status Lost status Damaged status Not for loan Permanent Location Current Location Date acquired Full call number Barcode Date last seen Price effective from Koha item type
        Indian Institute of Public Administration Indian Institute of Public Administration 2018-08-04 P000x54 P/A/1986 GG24766 2018-08-04 2018-08-04 GG
        Indian Institute of Public Administration Indian Institute of Public Administration 2018-08-04 P000x54 P/A/1986 GG23370 2018-08-04 2018-08-04 GG

Powered by Koha